书目信息 |
| 题名: |
小说面面观
|
|
| 作者: | 福斯特, 著 ;苏炳文 译 | |
| 分册: | ||
| 出版信息: | 广州 花城出版社 1987 |
|
| 页数: | 152页 | |
| 开本: | 19cm | |
| 丛书名: | ||
| 单 册: | ||
| 中图分类: | I054 | |
| 科图分类: | ||
| 主题词: | ||
| 电子资源: | ||
| ISBN: | 7-5360-0012-X | |
| 000 | 00764nam0 2200265 450 | |
| 001 | 000417008 | |
| 005 | 20120905085421.0 | |
| 010 | @a7-5360-0012-X@dCNY1.20 | |
| 011 | @a7-5360-0012-X | |
| 091 | @a10261.932 | |
| 100 | @a20120905d1987 em y0chiy0121 ea | |
| 101 | 1 | @achi@ceng |
| 102 | @aCN@b440000 | |
| 105 | @ay z 000yy | |
| 106 | @ar | |
| 200 | 1 | @a小说面面观@9Xiao Shuo;Yue;Shui Mian Mian Guan @f(英) 爱·摩·福斯特著@g苏炳文译 |
| 205 | @a第2版@b修订本 | |
| 210 | @a广州@c花城出版社@d1987 | |
| 215 | @a152页@d19cm | |
| 513 | 1 | @aAspects of the novel@zeng |
| 690 | @aI054@v4 | |
| 701 | 1 | @a福斯特,@9fu si te ,@bE. M.@g(Forster, E. M.)@4著 |
| 702 | 0 | @a苏炳文@9su bing wen@4译 |
| 801 | 0 | @aCN@bAzMarc@c20130904 |
| 905 | @aBZT@dI05@e2@f2@sI05/2 | |
| 小说面面观/(英) 爱·摩·福斯特著/苏炳文译.-第2版,修订本.-广州:花城出版社,1987 |
| 152页;19cm |
| ISBN 7-5360-0012-X:CNY1.20 |
| ● |
| 相关链接 |
|
|
|
正题名:小说面面观
索取号:I05/2
 
预约/预借
| 序号 | 登录号 | 条形码 | 馆藏地/架位号 | 状态 | 备注 |
| 1 | 2000100386 | 2000100386 | 旧书回溯/ [索取号:I05/2] | 在馆 | |
| 2 | 2000100387 | 2000100387 | 旧书回溯/ [索取号:I05/2] | 在馆 |